Crush-tastic! / (Record no. 30159)

MARC details
000 -LEADER
fixed length control field 00820nam a22002415a 4500
005 - DATE AND TIME OF LATEST TRANSACTION
control field 20090907155643.0
008 - FIXED-LENGTH DATA ELEMENTS--GENERAL INFORMATION
fixed length control field 061030s2007 nyu 000 0 eng
010 ## - LCCN (DPL NO)
LC control number B-357104
020 ## - INTERNATIONAL STANDARD BOOK NUMBER
International Standard Book Number 9788189975609
Terms of availability 110.00
035 ## - SYSTEM CONTROL NUMBER
System control number B-357104
037 ## - SOURCE OF ACQUISITION
Source of stock number/acquisition DBAD / PUB
040 ## - CATALOGING SOURCE
Original cataloging agency dpl
Language of cataloging English
082 ## - DEWEY DECIMAL CLASSIFICATION NUMBER
Classification number S
100 ## - MAIN ENTRY--PERSONAL NAME
Personal name Beechwood, Beth
245 ## - TITLE STATEMENT
Title Crush-tastic! /
Statement of responsibility, etc adapted by Beth Beechwood
260 ## - PUBLICATION, DISTRIBUTION, ETC. (IMPRINT)
Place of publication, distribution, etc New Delhi
Name of publisher, distributor, etc Westland
Date of publication, distribution, etc 2008
270 ## - ADDRESS
Address F-5 Okhla Industrial Area, Phase-I, Mezzaine Floor,
City New Delhi
Postal code 110020
300 ## - PHYSICAL DESCRIPTION
Extent 126p.:
Other physical details ill.
Dimensions 20cm(pbk)
490 ## - SERIES STATEMENT
Series statement Hannah montana
650 ## - SUBJECT ADDED ENTRY--TOPICAL TERM
Topical term or geographic name as entry element Fiction
942 ## - ADDED ENTRY ELEMENTS (KOHA)
Source of classification or shelving scheme Dewey Decimal Classification
Item type Children Books
Classification part S
Call number suffix BEE
Holdings
Withdrawn status Lost status Source of classification or shelving scheme Damaged status Not for loan Collection code Home library Current library Date acquired Source of acquisition Cost, normal purchase price Total Checkouts Full call number Barcode Date last seen Copy number Cost, replacement price Koha item type
    Dewey Decimal Classification     Fiction Janak Puri Janak Puri 09/09/2009 DBAD / PUB 110.00 27 S BEE B-357104 03/01/2011 1 110.00 Children Books

© Delhi Public Library
Hit Counter
free hit counter